000 00951cam a22002413a 4500
001 17932
003 PGUSA
005 20140828083400.0
008 060306s2006||||xxu|||||s|||||000 | eng d
040 _aPGUSA
_beng
042 _adc
050 4 _aPR
100 1 _aGibbon, Perceval,
_d1879-1926
245 1 4 _aThe Second Class Passenger :
_bFifteen Stories
_h[electronic resource] /
_cPerceval Gibbon
260 _bProject Gutenberg,
_c2006
505 0 _aThe Second-Class Passenger -- The Sense of Climax -- The Trader of Last Notch -- The Murderer -- The Victim -- Between the Lights -- The Master -- "Parisienne" -- Lola -- The Poor in Heart -- The Man Who Knew -- The Hidden Way -- The Strange Patient -- The Captain's Arm -- The Widower.
506 _aPublic domain in the USA.
516 _aElectronic text
653 _aShort stories
830 0 _aProject Gutenberg
_v17932
856 4 0 _uhttp://www.gutenberg.org/ebooks/17932
942 _cEB
999 _c247187
_d247187